Μεταβολισμός του ανθρώπου : μεθοδολογία & τεχνικές

Αποθηκεύτηκε σε:
Λεπτομέρειες βιβλιογραφικής εγγραφής
Κύριος συγγραφέας: Συντώσης, Λάμπρος (Συγγραφέας)
Μορφή: Βιβλίο
Γλώσσα:Greek
Δημοσίευση: Αθήνα : Π.Χ. Πασχαλίδης, 2009.
Θέματα:
Ετικέτες: Προσθήκη ετικέτας
Δεν υπάρχουν, Καταχωρήστε ετικέτα πρώτοι!

MARC

LEADER 00000cam a2200000 a 4500
001 1/119146
008 190612s2009####gr |||||||||||||| ||gre||
020 |a 9789603997993  |q (χαρτόδετο) 
040 |a GR-MyUa  |b gre  |c GR-MyUa  |e AACR2 
041 0 |a gre 
082 7 |a 612.39  |2 (23) 
100 1 |a Συντώσης, Λάμπρος,  |e aut 
245 1 0 |a Μεταβολισμός του ανθρώπου :   |b μεθοδολογία & τεχνικές /   |c Λάμπρος Συντώσης. 
260 |a Αθήνα :   |b Π.Χ. Πασχαλίδης,   |c 2009. 
300 |a 228 σ. :   |b εικ. ;   |c 24 εκ. 
504 |a Περιλαμβάνει βιβλιογραφία (σ. 199-208) και ευρετήριο. 
505 8 |a Α Μέρος : Κεφ. 1. Βασικές αρχές λειτουργίας εργαστηρίου -- Κεφ. 2. Κανόνες ασφαλείας -- Κεφ. 3. Μέθοδοι προσδιορισμού στο εργαστήριο -- Β Μέρος : Κεφ. 1. Δοκιμασία ανοχής γλυκόζης -- Κεφ. 2. Ανίχνευση υδατανθράκων σε βιολογικά υγρά -- Κεφ. 3. Προσδιορισμός γαλακτικού οξέος στο πλάσμα -- Κεφ. 4. Στοιχεία μεταβολισμού και προσδιορισμός τριακυλογλυκερολών πλάσματος -- Κεφ. 5. Μελέτη της κινητικής των VLDL- τριακυλογλυκερολών -- Κεφ. 6. Δοκιμασία ανοχής λίπους -- Κεφ.7. Προσδιορισμός μη εστεροποιημένων λιπαρών οξέων -- Κεφ. 8. Επίδραση της επινεφρίνης στη λιπόλυση του λιπώδους ιστού -- Κεφ. 9. Χρωματογραφία λεπτής στιβάδας-προσδιορισμός χοληστερόλης και τριακυλογλυκερολών -- Κεφ. 10. Προσδιορισμός υπεροξειδίων των λιποειδών του ορού -- Κεφ. 11. Ενεργότητα κιτρικής συνθάσης -- Κεφ. 12. Ηλεκτροφόρηση αιμοσφαιρίνων σε μεμβράνη οξικής κυτταρίνης -- Κεφ. 13. Ποσοτικός προσδιορισμός της ανθρώπινης λεπτίνης με την ανοσοενζυμική μέθοδο ELISA -- Κεφ. 14. Προσδιορισμός σιδήρου -- Κεφ. 15. Ισορροπία υγρών και ηλεκτρολυτών -- Κεφ. 16. Προσδιορισμός βασκικού μεταβολικού ρυθμού -- Κεφ. 17. Αξιολόγηση ενεργειακής ισορροπίας -- Κεφ. 18. Εκτίμηση ικανότητας αερόβιου έργου -- Κεφ. 19. Εκτίμηση ισοζυγίου αζώτου -- Κεφ. 20. Ισοκινητική δυναμομέτρηση Βιβλιογραφία Παραρτήματα -- Ευρετήριο. 
650 0 |a Nutrition. 
650 0 |a Metabolism. 
852 |a INST  |b LEMNOS  |c EUDOXUS  |e 20190612  |h 612.39 ΣΥΝ  |p 005600002350  |q 005600002350  |t EDX  |y 0 
852 |a INST  |b LEMNOS  |c EUDOXUS  |e 20190612  |h 612.39 ΣΥΝ  |p 005600002351  |q 005600002351  |t EDX  |y 0 
852 |a INST  |b LEMNOS  |c EUDOXUS  |e 20220629  |h 612.39 ΣΥΝ  |p 005600003328  |q 005600003328  |t EDX  |y 0 
920 |a Εύδοξος  |b Παραγγελία  |y Λήμνος-ΤΕΤΔ  |z 2019-05 
920 |a Εύδοξος  |b Παραγγελία  |y Λήμνος-ΤΕΤΔ  |z 2022-05 
970 |a Ξενιτοπούλου   |b Κωνσταντία  |z 12/06/2019